| 000 | 00988cad a22002175a 4500 | ||
|---|---|---|---|
| 001 | E149593 | ||
| 008 | 100323s2010 xxkd f 000 0 eng d | ||
| 035 | _a(Sirsi) u149593 | ||
| 041 | 0 | _aeng | |
| 050 | 0 | 4 | _a333.33 $2 18 |
| 100 | 1 | _aMaslakovic, Marco | |
| 245 | 0 | 0 |
_aSovereign wealth funds 2010 _h[electronic resource] |
| 260 |
_aLondon _bIFSL _c2010 |
||
| 520 | _aSuggests that although Sovereign Wealth Funds (SWFs) have existed for decades, they have become more prominent recently, and are likely to increase in importance in the future. Includes information on market size and growth trends, commodity and non-commodity SWFs, and looks at investment trends and international policy issues. Tables and charts. | ||
| 521 | _aAdvanced | ||
| 590 | _aKA | ||
| 651 | 4 |
_aUnited Kingdom _y |
|
| 690 | _aPROPERTY-PROPERTY FINANCE AND INVESTMENT | ||
| 856 | 4 | 0 |
_uhttps://www.ifsl.org.uk/output/ReportItem.aspx?NewsID=20 _zView the report free of charge at www.ifsl.org.uk |
| 942 | _n0 | ||
| 999 |
_c110550 _d110550 |
||